|
|
|
|
| LEADER |
01533nam a2200409Ia 4500 |
| 001 |
EBC3414052 |
| 003 |
MiAaPQ |
| 005 |
20200520144314.0 |
| 006 |
m o d | |
| 007 |
cr cn||||||||| |
| 008 |
120305s2012 ilua s 000 0 eng d |
| 010 |
|
|
|z 2012009154
|
| 020 |
|
|
|z 9780252078637 (pbk. : alk. paper)
|
| 020 |
|
|
|z 0252078632 (pbk. : alk. paper)
|
| 020 |
|
|
|a 9780252094194 (electronic bk.)
|
| 020 |
|
|
|a 0252094190 (electronic bk.)
|
| 035 |
|
|
|a (MiAaPQ)EBC3414052
|
| 035 |
|
|
|a (Au-PeEL)EBL3414052
|
| 035 |
|
|
|a (CaPaEBR)ebr10593724
|
| 035 |
|
|
|a (CaONFJC)MIL389515
|
| 035 |
|
|
|a (OCoLC)809032419
|
| 040 |
|
|
|a MiAaPQ
|c MiAaPQ
|d MiAaPQ
|
| 050 |
|
4 |
|a HD9005
|b .M15 2012
|
| 082 |
0 |
4 |
|a 381/.410977
|2 23
|
| 100 |
1 |
|
|a MacLachlan, Janine.
|
| 245 |
1 |
0 |
|a Farmers' markets of the heartland
|h [electronic resource] /
|c Janine MacLachlan.
|
| 260 |
|
|
|a Urbana :
|b University of Illinois Press,
|c 2012.
|
| 300 |
|
|
|a 248 p. :
|b col. ill.
|
| 440 |
|
0 |
|a Heartland foodways
|
| 533 |
|
|
|a Electronic reproduction. Ann Arbor, MI : ProQuest, 2015. Available via World Wide Web. Access may be limited to ProQuest affiliated libraries.
|
| 650 |
|
0 |
|a Farm produce
|z West North Central States
|x Marketing.
|
| 650 |
|
0 |
|a Farm produce
|z Middle West
|x Marketing.
|
| 650 |
|
0 |
|a Farmers' markets
|z West North Central States.
|
| 650 |
|
0 |
|a Farmers' markets
|z Middle West.
|
| 655 |
|
4 |
|a Electronic books.
|
| 710 |
2 |
|
|a ProQuest (Firm)
|
| 856 |
4 |
0 |
|u https://ebookcentral.proquest.com/lib/matrademy/detail.action?docID=3414052
|z Click to View
|